000 00478nam a2200145 4500
005 20260227090108.0
008 260227b |||||||| |||| 00| 0 eng d
020 _a9780321536150
100 _aMadigan T. Michael, Martinko M. John, Dunlap V. Paul, Clark P. David.
245 _aBrock: Biology of Microorganisms
_c/Michael T. Madigan.
250 _a12th Edition
260 _aSan Francisco;
_bPearson Education Inc;
_c2009
300 _axxviii, 1061p.ill;
_c27.5
942 _2lcc
_n0
_cBK
999 _c177
_d177